01458nam a2200337 a 4500001001000000003000500010005001700015008004100032010001100073011001100084040000900095090001000104100003200114245017700146260004000323500006000363502009600423590004000519590004000559650004300599650003500642650003300677650003200710856007000742901000700812942001000819942000600829999001900835952013100854952013500985000113282CHAP20220329144347.0170531s2016 mx sm |||||||spa d a109743 a110715 cCHAP aTesis1 aOrtiz Rojas, Alonso913242310aEfecto de densidad de siembra en el rendimiento de tres variedades de amaranto (Amaranthus hypochondriacus L.) en La Comarca Lagunerah[En línea]cpor Alonso Ortiz Rojas. aDurango, Méx. :bEl autor,c2016. aPara ver el contenido del material haga clic en la liga aTesis (Ing. en Sistemas Agricolas) -- UACH. Unidad Regional Universitaria de Zonas Áridas aE5765TAJb05c20170531lUCH01h0924 aE5765TAJb05c20170531lUCH01h092414aAmarantoxDensidad de siembra.913138714aAmarantoxEspaciamiento.9512214aAmarantoxRendimiento.9514014aAmarantoxVariedades.95146 aFinding aiduhttp://10.13.5.2/tesis/sist113282.pdfzTeclea aquí aBK cTESIS n0 c109743d109743 00104054718TESISaBCbBCd2017-05-31fTESISl0oTesisp113284-10r2019-12-31 00:00:00w2019-12-31yTESISzRecien adquirido 00102local4053708TESISaBCbBCcPA_TESISd2017-05-31fTESISl0oTesisp113284-20r2019-12-31 00:00:00tc.2w2019-12-31yTESIS